Lịch sử Trung Quốc 5000 năm; T3
Đã lưu trong:
| 主要作者: | |
|---|---|
| 格式: | 圖書 |
| 語言: | Undetermined |
| 出版: |
Hà Nội
VHTT
1998
|
| 主題: | |
| 標簽: |
添加標簽
沒有標簽, 成為第一個標記此記錄!
|
| Thư viện lưu trữ: | Trung tâm Học liệu Trường Đại học Cần Thơ |
|---|
| LEADER | 00544nam a2200193Ia 4500 | ||
|---|---|---|---|
| 001 | CTU_27728 | ||
| 008 | 210402s9999 xx 000 0 und d | ||
| 020 | |b 40.000đ | ||
| 082 | |a 895.1 | ||
| 082 | |b Đ110/T3 | ||
| 100 | |a Lâm Hán Đạt | ||
| 245 | 0 | |a Lịch sử Trung Quốc 5000 năm; T3 | |
| 245 | 0 | |c Lâm Hán Đạt, Tào Dư Chương | |
| 260 | |a Hà Nội | ||
| 260 | |b VHTT | ||
| 260 | |c 1998 | ||
| 650 | |a chinese literature | ||
| 904 | |i Minh, 990102 | ||
| 980 | |a Trung tâm Học liệu Trường Đại học Cần Thơ | ||